000 00923nam a22003017a 4500
001 BR7601190
003 BR-BrBNA
005 20230928084919.0
007 ta
008 230509b bl.||||| |||| 00| 0 por d
040 _aBR-BrBNA
_bpor
_cBiblioteca Nacional de Agricultura
041 _a(Por)
072 _aE30; E70
_b1300
_b6000
_b/G514
090 _ 1300 BR7601190
110 1 _aAssociacao de Credito e Assistencia Rural do Estado do Para, Belem (Brasil)
_9493
245 1 _aProjeto de apoio ao sistema de abastecimento de produtos hortigranjeiros. Areas metropolitana de Belem-Para [Brasil]
260 3 _aBelem, PA (Brasil):
_c1975.
300 _a37 p.
500 _a14 tables
650 _aPROJETO AGRICOLA
650 _aABASTECIMENTO
650 _aHORTALICA
650 _aAVE DOMESTICA
650 _aPOLITICA DE ABASTECIMENTO
650 _aPARA
909 _a202309
_bLucia
_c55
_dLucia Elande
942 _cBK
999 _c21840
_d21840